| 000 | 00508nam a2200169 i 4500 | ||
|---|---|---|---|
| 001 | 99191 | ||
| 003 | ES-MaACL | ||
| 005 | 20251018063057.0 | ||
| 007 | t| | ||
| 008 | 050902s1964 sp ||||1| spa d | ||
| 100 | 1 |
_aMartín Abril, Francisco Javier, _d1908- _977381 |
|
| 245 | 1 | 0 |
_aNostalgia en la meseta _b: poemas / _cFrancisco Javier Martín Abril. |
| 260 |
_aMadrid : _bStudium, _c1964. |
||
| 300 |
_a139 p., 3 h. ; _c21 cm. |
||
| 852 |
_aES-MaACL _jC-26024 _bR.55054 |
||
| 999 |
_c99191 _d99191 |
||